Подробности
| 000 -МАРКЕР |
| контрольное поле |
01434nam0a22003131 4500 |
| 001 - ИДЕНТИФИКАТОР ЗАПИСИ |
| контрольное поле |
v19\rc\1847017 |
| 005 - ИДЕНТИФИКАТОР ВЕРСИИ |
| контрольное поле |
20260407065446.0 |
| 035 ## - ДРУГИЕ СИСТЕМНЫЕ НОМЕРА |
| Идентификатор записи |
(NLR Aleph) 005258432 |
| 100 ## - ДАННЫЕ ОБЩЕЙ ОБРАБОТКИ |
| Данные общей обработки |
20080221d1909 |||y0rusy50 ca |
| 101 0# - ЯЗЫК РЕСУРСА |
| Язык текста, звукозаписи и т.д. |
русский |
| 102 ## - СТРАНА ПУБЛИКАЦИИ ИЛИ ПРОИЗВОДСТВА |
| Страна публикации |
Российская Федерация |
| 105 ## - ПОЛЕ КОДИРОВАННЫХ ДАННЫХ: ТЕКСТОВЫЕ МАТЕРИАЛЫ, МОНОГРАФИЧЕСКИЕ |
| Кодированные данные о монографическом текстовом документе |
y z ||||| |
| 200 1# - ЗАГЛАВИЕ И СВЕДЕНИЯ ОБ ОТВЕТСТВЕННОСТИ |
| Основное заглавие |
Чудеса в природе |
| Сведения, относящиеся к заглавию |
По Брему, Вагнеру, Лункевичу и Рубакину |
| -- |
С рис. |
| Первые сведения об ответственности |
Сост. В.В. Бартенев |
| 210 ## - ПУБЛИКАЦИЯ, РАСПРОСТРАНЕНИЕ И ДР. |
| Место издания, распространения и т.д. |
Москва |
| Имя издателя, распространителя и т. д. |
А.Д. Ступин |
| Дата издания, распространения и т.д. |
[1909] |
| 215 ## - ФИЗИЧЕСКАЯ ХАРАКТЕРИСТИКА |
| Специфическое обозначение материала и объем |
46, [2] с. |
| Размеры |
15 |
| 225 1# - СЕРИЯ |
| Основное заглавие серии |
Библиотечка Ступина |
| 700 #1 - ИМЯ ЛИЦА - ПЕРВИЧНАЯ ОТВЕТСТВЕННОСТЬ |
| Код отношения |
Составитель |
| Материалы, к которым относится поле |
rus |
| Графика поля |
Кириллица |
| Начальный элемент ввода |
Бартенев |
| Часть имени, кроме начального элемента ввода |
В. В. |
| Даты |
19 в. |
| Дополнения к именам, кроме дат |
писатель |
| Идентификатор авторитетной/нормативной записи |
RU\NLR\AUTH\7768347 |
| Системный номер авторитетной/нормативной записи |
51275 |
| 702 #1 - ИМЯ ЛИЦА - ВТОРИЧНАЯ ОТВЕТСТВЕННОСТЬ |
| Код отношения |
Библиографический предшественник |
| Материалы, к которым относится поле |
rus |
| Графика поля |
Кириллица |
| Начальный элемент ввода |
Брем |
| Часть имени, кроме начального элемента ввода |
А. Э. |
| Даты |
1829-1884 |
| Расширение инициалов личного имени |
Альфред Эдмунд |
| Идентификатор авторитетной/нормативной записи |
RU\NLR\AUTH\7716106 |
| Системный номер авторитетной/нормативной записи |
125748 |
| 702 #1 - ИМЯ ЛИЦА - ВТОРИЧНАЯ ОТВЕТСТВЕННОСТЬ |
| Код отношения |
Библиографический предшественник |
| Материалы, к которым относится поле |
rus |
| Графика поля |
Кириллица |
| Начальный элемент ввода |
Лункевич |
| Часть имени, кроме начального элемента ввода |
В. В. |
| Даты |
1866-1941 |
| Расширение инициалов личного имени |
Валериан Викторович |
| Идентификатор авторитетной/нормативной записи |
RU\NLR\AUTH\7768658 |
| Системный номер авторитетной/нормативной записи |
51586 |
| 702 #1 - ИМЯ ЛИЦА - ВТОРИЧНАЯ ОТВЕТСТВЕННОСТЬ |
| Код отношения |
Библиографический предшественник |
| Материалы, к которым относится поле |
rus |
| Графика поля |
Кириллица |
| Начальный элемент ввода |
Рубакин |
| Часть имени, кроме начального элемента ввода |
Н. А. |
| Даты |
1862-1946 |
| Расширение инициалов личного имени |
Николай Александрович |
| Идентификатор авторитетной/нормативной записи |
RU\NLR\AUTH\7759984 |
| Системный номер авторитетной/нормативной записи |
42915 |
| 702 #1 - ИМЯ ЛИЦА - ВТОРИЧНАЯ ОТВЕТСТВЕННОСТЬ |
| Начальный элемент ввода |
Вагнер |
| Часть имени, кроме начального элемента ввода |
В. А. |
| Даты |
1849-1934 |
| Расширение инициалов личного имени |
Владимир Александрович |
| Код отношения |
Библиографический предшественник |
| 801 #0 - ИСТОЧНИК ЗАПИСИ |
| Страна |
Российская Федерация |
| Организация |
NLR |
| Дата составления |
20080221 |
| Правила каталогизации |
psbo |
| 801 #0 - ИСТОЧНИК ЗАПИСИ |
| Страна |
Российская Федерация |
| Организация |
RuMoRGB |
| Дата составления |
20080221 |
| Источник данных |
psbo |
| 801 #1 - ИСТОЧНИК ЗАПИСИ |
| Страна |
Российская Федерация |
| Организация |
ProSoft-M |
| Дата составления |
20080221 |
| Источник данных |
rusmarc |
| 801 #2 - ИСТОЧНИК ЗАПИСИ |
| Страна |
Российская Федерация |
| Организация |
NLR |
| Дата составления |
20080923 |
| Источник данных |
rusmarc |
| 852 ## - МЕСТОНАХОЖДЕНИЕ И ШИФР ХРАНЕНИЯ |
| Идентификатор организации |
NLR |
| Шифр хранения (Call Number) |
34.50.8.869 |
| 942 ## - ДОПОЛНИТЕЛЬНЫЕ ЭЛЕМЕНТЫ ЗАПИСИ (АБИС) |
| Тип экземпляра АБИС |
Книга |
| 980 ## - КОЛЛЕКЦИЯ |
| Название коллекции |
Национальная библиография |